A discourse on reprographic rights and copyrights:Contemporary facets (Record no. 502722)

000 -LEADER
fixed length control field 00526cam a22001577a 4500
008 - FIXED-LENGTH DATA ELEMENTS--GENERAL INFORMATION
fixed length control field 180718b2013 xxu||||| |||| 00| 0 eng d
020 ## - INTERNATIONAL STANDARD BOOK NUMBER
International Standard Book Number 9788192746807
082 ## - DEWEY DECIMAL CLASSIFICATION NUMBER
Classification number U24x54 Si64
100 ## - MAIN ENTRY--PERSONAL NAME
Personal name Sinha,dilip kumar
245 ## - TITLE STATEMENT
Title A discourse on reprographic rights and copyrights:Contemporary facets
Statement of responsibility, etc. By dilip kumar sinha, et al.
260 ## - PUBLICATION, DISTRIBUTION, ETC.
Place of publication, distribution, etc. Kolkata
Name of publisher, distributor, etc. Indian statistican institute
Date of publication, distribution, etc. 2013
300 ## - PHYSICAL DESCRIPTION
Extent 303p.
650 ## - SUBJECT ADDED ENTRY--TOPICAL TERM
Topical term or geographic name entry element Copyright licenses -- India
650 ## - SUBJECT ADDED ENTRY--TOPICAL TERM
Topical term or geographic name entry element Contracts -- India
650 ## - SUBJECT ADDED ENTRY--TOPICAL TERM
Topical term or geographic name entry element Authors and publishers -- India
Holdings
Withdrawn status Lost status Damaged status Not for loan Permanent Location Current Location Date acquired Full call number Barcode Date last seen Price effective from Koha item type
        Indian Institute of Public Administration Indian Institute of Public Administration 2018-08-04 U24x54 Si64 GR19054 2018-08-04 2018-08-04 GR

Powered by Koha